000 00397nam a2200157Ia 4500
008 230711s9999||||xx |||||||||||||| ||und||
041 _aENG
082 _a624
_bGE-E
100 _aGeddes,Spence
245 0 _aEstimating for building and Civil Engineering
250 _a1st Ed.
260 _c1985
_aNew York
_bButterworth-Heinemann Ltd
300 _a415
650 _aCivil Engineering
942 _cBK
999 _c756
_d756